000 00362nam a2200121Ia 4500
005 20260326100037.0
008 260326s9999||||xx |||||||||||||| ||und||
100 _aMora Nadal, Vicente
245 0 _aEstÉtica de la Arquitectura Colonial y postColonial :
_b Argentina /
_cVicente Mora Nadal
260 _bEl Ateneo
650 _aARQUITECTURA COLONIAL
942 _cBK
999 _c6834
_d6834